|
|
|
|
| LEADER |
01027nam a2200253 4500 |
| 001 |
10116577 |
| 003 |
upatras |
| 005 |
20210117205443.0 |
| 008 |
150618s2013 us eng |
| 020 |
|
|
|a 9781564788641
|
| 040 |
|
|
|a GR-PaULI
|c GR-PaULI
|e AACR2
|
| 041 |
1 |
|
|a eng
|
| 082 |
0 |
4 |
|a 895.635
|
| 100 |
1 |
|
|a Kometani, Fumiko
|d 1930-
|4 aut
|9 144740
|
| 245 |
1 |
0 |
|a Wasabi for breakfast
|b two novellas
|c Foumiko Kometani; translated by Mary Goebel Noguchi
|
| 260 |
|
|
|a Champaign
|b Dalkey Archive Press
|c 2013
|
| 300 |
|
|
|a 202 σ.
|c 22 εκ.
|
| 650 |
|
4 |
|a Ιαπωνικό μυθιστόρημα
|y 20ός αιώνας
|9 87683
|
| 700 |
1 |
|
|a Noguchi, Mary Goebel
|d 1951-
|4 trl
|9 144741
|
| 852 |
|
|
|a GR-PaULI
|b ΠΑΤΡΑ
|b ΒΚΠ
|b ΒΣ1
|k ΑΣΧΞ
|h 895.635 KOM
|m 121861
|p 025000237029
|t 1
|
| 942 |
|
|
|2 ddc
|c BK15
|
| 952 |
|
|
|0 0
|1 0
|4 0
|6 895_635000000000000_KOM
|7 0
|9 180381
|a LISP
|b LISP
|c BSC
|d 2016-04-24
|i 121861
|l 0
|o 895.635 KOM
|p 025000237029
|r 2016-04-24 00:00:00
|t 1
|w 2016-04-24
|y BK15
|
| 998 |
|
|
|c ΜΠΟΥΡΑΣ
|d 2015-06
|
| 999 |
|
|
|c 111517
|d 111517
|